000 00418cam a22001097a 4500
008 180718b2006 xxu||||| |||| 00| 0 eng d
082 _aHx54 R18
100 _aRao, P.S.Ramamohan
245 _aIIPA occasional papers :Some thoughts on adminstrative reforms probity in public life appointments to higher judiciary
_cBy P.S.Ramamohan RAO
260 _aNew delhi
_bIndian institute of publi adminstration
_c2006
300 _a22
999 _c502462
_d502462